[Event "Morava-ch"]
[Site "Orlova"]
[Date "2023.10.26"]
[Round "4"]
[White "Tikovsky, Alexander"]
[Black "Vojtech, Ladislav"]
[Result "1/2-1/2"]
[WhiteElo "2080"]
[BlackElo "1937"]
[PlyCount "25"]
[EventDate "2023.10.24"]
[EventType "swiss"]
[EventRounds "9"]
[EventCountry "CZE"]
[SourceTitle "Mega2024 Update 01"]
[Source "Chessbase"]
[SourceDate "2023.11.12"]
[SourceVersion "1"]
[SourceVersionDate "2023.11.12"]
[SourceQuality "1"]

1. d4 Nf6 2. Nf3 e6 3. c4 b6 4. Bf4 Bb4+ 5. Nfd2 Bb7 6. a3 Be7 7. e3 0-0 8. Nc3 d6 9. e4 Nbd7 10. Bg3 e5 11. d5 Nxe4 12. Ndxe4 f5 13. f3 1/2-1/2

[Event "CZE-chT1E 2122"]
[Site "Czech Republic"]
[Date "2021.11.28"]
[Round "4.3"]
[White "Tikovsky, Alexander"]
[Black "Delgerdalai, Bayarjavkhlan"]
[Result "1/2-1/2"]
[WhiteElo "2146"]
[BlackElo "2086"]
[PlyCount "63"]
[EventDate "2021.10.09"]
[EventType "team-tourn"]
[EventRounds "11"]
[EventCountry "CZE"]
[SourceTitle "EXT 2023"]
[Source "ChessBase"]
[SourceDate "2022.10.05"]
[SourceVersion "1"]
[SourceVersionDate "2022.10.05"]
[SourceQuality "1"]
[WhiteTeam "Brno Moravska Slavia II"]
[BlackTeam "Stare Mesto"]
[WhiteTeamCountry "CZE"]
[BlackTeamCountry "CZE"]

1. g3 e5 2. c4 Nf6 3. Bg2 Bc5 4. Nc3 0-0 5. e3 c6 6. Nge2 d5 7. cxd5 cxd5 8. d4 exd4 9. exd4 Bb6 10. 0-0 Nc6 11. Bg5 Be6 12. Nf4 Bxd4 13. Ncxd5 Bxd5 14. Nxd5 h6 15. Nxf6+ Bxf6 16. Qxd8 Bxd8 17. Be3 Bb6 18. Rad1 Bxe3 19. fxe3 Ne5 20. Rf5 Rfe8 21. Rd5 f6 22. Rb5 Rad8 23. Rxb7 Ng4 24. Bd5+ Kh8 25. e4 Ne3 26. Rh5 f5 27. Bc6 Re6 28. Rd7 Rb8 29. Bd5 Nxd5 30. Rxd5 Rxe4 31. Rhxf5 Rxb2 32. Rf2 1/2-1/2

[Event "CZE-chT1E 1920"]
[Site "Czech Republic"]
[Date "2019.12.08"]
[Round "4.1"]
[White "Tikovsky, Alexander"]
[Black "Mrva, Marek"]
[Result "1/2-1/2"]
[WhiteElo "2178"]
[BlackElo "2151"]
[PlyCount "111"]
[EventDate "2019.10.20"]
[EventType "team-tourn"]
[EventRounds "11"]
[EventCountry "CZE"]
[SourceTitle "CBM 193 Extra"]
[Source "ChessBase"]
[SourceDate "2020.01.31"]
[SourceVersion "1"]
[SourceVersionDate "2020.01.31"]
[SourceQuality "1"]
[WhiteTeam "Brno Moravska Slavia II"]
[BlackTeam "Ostrava"]
[WhiteTeamCountry "CZE"]
[BlackTeamCountry "CZE"]

1. d4 c5 2. d5 e6 3. Nc3 Nf6 4. e4 d6 5. Nf3 exd5 6. exd5 Bg4 7. Be2 Be7 8. 0-0 0-0 9. Re1 a6 10. a4 Nbd7 11. Nd2 Bxe2 12. Rxe2 Ne5 13. Nf1 Nfd7 14. Ng3 f5 15. f4 Ng4 16. Re6 g6 17. h3 Nh6 18. Bd2 Rf7 19. a5 Nf8 20. Re2 Bf6 21. Na4 Bd4+ 22. Kf1 Qh4 23. Qe1 Bf6 24. Nh1 Qh5 25. Ng3 Qh4 26. Nh1 Qh5 27. Bc3 Bxc3 28. Nxc3 g5 29. fxg5 Qxg5 30. Qg3 Qxg3 31. Nxg3 Ng6 32. Re6 Rd8 33. Rae1 Kf8 34. Nge2 Ng8 35. b3 N8e7 36. Kf2 f4 37. Ng1 Nf5 38. Nf3 Rdd7 39. Ng5 Nd4 40. Re8+ Kg7 41. Nxf7 Kxf7 42. R8e4 Nxc2 43. Rb1 Nb4 44. Rd1 Kg7 45. Ne2 Rf7 46. Re6 Rf6 47. Re8 Ne5 48. Re7+ Kg6 49. Nc1 Rf7 50. Re6+ Rf6 51. Re7 Rf7 52. Rxf7 Kxf7 53. Ne2 Nbd3+ 54. Kf1 Kf6 55. Nc3 Kf5 56. Ke2 1/2-1/2

[Event "Brno op 8th"]
[Site "Brno"]
[Date "2018.11.12"]
[Round "3"]
[White "Jires, Jiri"]
[Black "Tikovsky, Alexander"]
[Result "1/2-1/2"]
[WhiteElo "2059"]
[BlackElo "2173"]
[PlyCount "107"]
[EventDate "2018.11.10"]
[EventType "swiss"]
[EventRounds "9"]
[EventCountry "CZE"]
[SourceTitle "CBM 187 Extra"]
[Source "ChessBase"]
[SourceDate "2018.11.04"]
[SourceVersion "1"]
[SourceVersionDate "2018.11.04"]
[SourceQuality "1"]

1. e4 g6 2. d4 Bg7 3. Nc3 c6 4. f4 d5 5. e5 Nh6 6. Be3 0-0 7. h3 f6 8. Nf3 Qb6 9. Na4 Qa5+ 10. c3 Bf5 11. Be2 Nd7 12. b4 Qc7 13. g4 Be4 14. 0-0 b5 15. Nc5 Nxc5 16. bxc5 Bxf3 17. Rxf3 Qd7 18. Qd2 Nf7 19. Bd3 Nd8 20. exf6 exf6 21. f5 g5 22. h4 h6 23. hxg5 hxg5 24. Qh2 Re8 25. Kf2 Nf7 26. Rh3 Re7 27. Rh1 Rae8 28. Bd2 Qc7 29. Qxc7 Rxc7 30. Re1 Rce7 31. Rxe7 Rxe7 32. Re3 Rxe3 33. Bxe3 Bf8 34. Ke1 Be7 35. Kd2 Bd8 36. Be2 Kf8 37. Bf2 Bc7 38. Bd1 Ke7 39. Be2 Kd7 40. Kc2 Kc8 41. Kb3 Nd8 42. a4 a6 43. axb5 axb5 44. Be1 Nb7 45. Ka3 Na5 46. Kb4 Kb7 47. Bd3 Ka6 48. Be2 Bf4 49. Bd3 Nb7 50. Be2 Na5 51. Bd3 Nc4 52. Bxc4 dxc4 53. Bf2 Bc7 54. Be1 1/2-1/2

[Event "CZE-chT 1718"]
[Site "Czech Republic"]
[Date "2018.01.13"]
[Round "5.6"]
[White "Tikovsky, Alexander"]
[Black "Babula, Vlastimil"]
[Result "0-1"]
[WhiteElo "2140"]
[BlackElo "2548"]
[PlyCount "60"]
[EventDate "2017.11.18"]
[EventType "team-tourn"]
[EventRounds "11"]
[EventCountry "CZE"]
[SourceTitle "EXT 2019"]
[Source "ChessBase"]
[SourceDate "2018.10.10"]
[SourceVersion "1"]
[SourceVersionDate "2018.10.10"]
[SourceQuality "1"]
[WhiteTeam "Brno Moravska Slavia"]
[BlackTeam "Novoborsky"]
[WhiteTeamCountry "CZE"]
[BlackTeamCountry "CZE"]

1. d4 Nf6 2. Nf3 g6 3. Bf4 Bg7 4. e3 0-0 5. Be2 d6 6. 0-0 c5 7. c3 b6 8. Nbd2 Ba6 9. a4 Qc8 10. h3 Bxe2 11. Qxe2 Nc6 12. Bh2 Qb7 13. Rfc1 a6 14. e4 cxd4 15. cxd4 Nd7 16. e5 dxe5 17. Qe4 Rfc8 18. Nxe5 Nf6 19. Qf3 Na5 20. Qf4 e6 21. b4 Nc6 22. Ne4 Nd5 23. Qd2 Bf8 24. Nc4 Bxb4 25. Qb2 Rd8 26. Ne3 Be7 27. Nxd5 Rxd5 28. Nc5 Qc8 29. Qxb6 Nxd4 30. Nb3 Ne2+ 0-1

[Event "CZE-chT2E 1718"]
[Site "Czech Republic"]
[Date "2017.12.17"]
[Round "5.7"]
[White "Fojtik, Tomas"]
[Black "Tikovsky, Alexander"]
[Result "0-1"]
[WhiteElo "2108"]
[BlackElo "2140"]
[PlyCount "85"]
[EventDate "2017.10.15"]
[EventType "team-tourn"]
[EventRounds "11"]
[EventCountry "CZE"]
[SourceTitle "EXT 2022"]
[Source "ChessBase"]
[SourceDate "2021.10.06"]
[SourceVersion "1"]
[SourceVersionDate "2021.10.06"]
[SourceQuality "1"]
[WhiteTeam "Lipovec Garde"]
[BlackTeam "Brno Moravska Slavia II"]
[WhiteTeamCountry "CZE"]
[BlackTeamCountry "CZE"]

1. d4 f5 2. Nf3 e6 3. g3 d5 4. Bg2 Nf6 5. 0-0 Bd6 6. c4 c6 7. b3 Qe7 8. Bb2 b6 9. Qc1 0-0 10. Ba3 Bxa3 11. Nxa3 Bb7 12. Qb2 Nbd7 13. Rac1 Rac8 14. Rc2 Rfd8 15. Rfc1 c5 16. dxc5 Nxc5 17. Ne5 Nce4 18. Nb5 dxc4 19. Nxa7 Qc5 20. Nd3 Rxd3 21. exd3 c3 22. Nxc8 cxb2 23. Rxc5 Nxc5 24. Rb1 Bxc8 25. Rxb2 Bb7 26. Bxb7 Nxb7 27. Kf1 Kf7 28. a4 Nd5 29. b4 Ke7 30. a5 bxa5 31. bxa5 Nxa5 32. Rb5 Nc6 33. Rb7+ Kf6 34. h4 Kg6 35. f4 Kf6 36. Kf2 Nd4 37. Rd7 Nc6 38. Rb7 h6 39. Rd7 Kg6 40. Rb7 Kf6 41. Ke2 Nce7 42. Rd7 Kf7 43. Rb7 0-1

[Event "CZE-chT1E 1617"]
[Site "Czech Republic"]
[Date "2016.10.16"]
[Round "1.2"]
[White "Mrva, Marek"]
[Black "Tikovsky, Alexander"]
[Result "1-0"]
[WhiteElo "2220"]
[BlackElo "2185"]
[PlyCount "67"]
[EventDate "2016.10.16"]
[EventType "team-tourn"]
[EventRounds "11"]
[EventCountry "CZE"]
[SourceTitle "CBM 175 Extra"]
[Source "ChessBase"]
[SourceDate "2016.12.12"]
[SourceVersion "1"]
[SourceVersionDate "2016.12.12"]
[SourceQuality "1"]
[WhiteTeam "Ostrava"]
[BlackTeam "Brno Moravska Slavia"]
[WhiteTeamCountry "CZE"]
[BlackTeamCountry "CZE"]

1. e4 g6 2. d4 Bg7 3. Nc3 a6 4. Be3 d6 5. Qd2 Nd7 6. h4 h5 7. 0-0-0 b5 8. Nh3 Nb6 9. Re1 Bxh3 10. Rxh3 Rb8 11. Bf4 e6 12. e5 d5 13. Bg5 Qd7 14. b3 Ne7 15. Bf6 Bh6 16. f4 Rh7 17. Bg5 Bf8 18. Be2 Qc8 19. g4 c5 20. gxh5 gxh5 21. Rg1 cxd4 22. Bxe7 dxc3 23. Rxc3 Nc4 24. bxc4 b4 25. Rcg3 Bxe7 26. cxd5 exd5 27. Qxd5 Rb6 28. Bd3 Rh8 29. Rg8+ Rxg8 30. Rxg8+ Bf8 31. Bc4 Qc7 32. f5 f6 33. Be2 Qxe5 34. Bxh5+ 1-0

[Event "CZE-chT1E 1516"]
[Site "Czech Republic"]
[Date "2016.03.20"]
[Round "10.5"]
[White "Lys, Josef"]
[Black "Tikovsky, Alexander"]
[Result "0-1"]
[WhiteElo "2197"]
[BlackElo "2180"]
[PlyCount "74"]
[EventDate "2015.10.11"]
[EventType "team-tourn"]
[EventRounds "11"]
[EventCountry "CZE"]
[SourceTitle "EXT 2017"]
[Source "ChessBase"]
[SourceDate "2016.10.25"]
[SourceVersion "1"]
[SourceVersionDate "2016.10.25"]
[SourceQuality "1"]
[WhiteTeam "Karvina"]
[BlackTeam "Brno Moravska Slavia"]
[WhiteTeamCountry "CZE"]
[BlackTeamCountry "CZE"]

1. d4 g6 2. e4 Bg7 3. Bc4 e6 4. Nc3 d6 5. Nf3 a6 6. a4 b6 7. 0-0 Ne7 8. Bg5 h6 9. Be3 Nd7 10. Qd2 Bb7 11. Rfe1 g5 12. Re2 Ng6 13. Rf1 Qe7 14. b4 Nf6 15. Qd3 c6 16. d5 g4 17. e5 Nxd5 18. Bxd5 cxd5 19. exd6 Qxd6 20. Nd4 Ne5 21. Qd1 Qxb4 22. Nf5 exf5 23. Bd4 f6 24. Nxd5 Bxd5 25. Bxe5 0-0-0 26. c3 Qb3 27. Qd3 fxe5 28. Qxf5+ Be6 29. Qg6 Rhg8 30. a5 b5 31. c4 Rd6 32. cxb5 axb5 33. Qe4 Qd5 34. Rc2+ Kd7 35. Qb4 Qd3 36. Qc5 Bc4 37. Rcc1 Qd4 0-1

[Event "CZE-chT1E 1516"]
[Site "Czech Republic"]
[Date "2016.02.28"]
[Round "9.5"]
[White "Piesik, Piotr"]
[Black "Tikovsky, Alexander"]
[Result "1-0"]
[WhiteElo "2292"]
[BlackElo "2180"]
[PlyCount "75"]
[EventDate "2015.10.11"]
[EventType "team-tourn"]
[EventRounds "11"]
[EventCountry "CZE"]
[SourceTitle "EXT 2017"]
[Source "ChessBase"]
[SourceDate "2016.10.25"]
[SourceVersion "1"]
[SourceVersionDate "2016.10.25"]
[SourceQuality "1"]
[WhiteTeam "Beskydy Chess School II"]
[BlackTeam "Brno Moravska Slavia"]
[WhiteTeamCountry "CZE"]
[BlackTeamCountry "CZE"]

1. d4 g6 2. Nf3 Bg7 3. g3 c5 4. c3 Qa5 5. d5 d6 6. Bg2 Nf6 7. 0-0 0-0 8. a4 Bd7 9. Nfd2 b5 10. Nb3 Qc7 11. axb5 Bxb5 12. Na3 Ba6 13. Nc2 Ng4 14. Na5 Re8 15. h3 Ne5 16. Ne3 f5 17. f4 Ned7 18. g4 fxg4 19. hxg4 Bc8 20. g5 Nf8 21. Bf3 Nbd7 22. Rf2 Nb6 23. Rh2 Bd7 24. Qe1 Rac8 25. Qh4 e5 26. Nac4 exf4 27. Nxb6 axb6 28. Ng4 Ra8 29. Rxa8 Rxa8 30. Bxf4 Bxg4 31. Bxg4 Ra1+ 32. Kg2 Qe7 33. Qg3 Be5 34. Bxe5 dxe5 35. Qe3 Ra4 36. Rh4 Kg7 37. Be6 Rxh4 38. Qxe5+ 1-0

[Event "CZE-chT1E 1516"]
[Site "Czech Republic"]
[Date "2016.02.14"]
[Round "8.6"]
[White "Cagasik, Tomas"]
[Black "Tikovsky, Alexander"]
[Result "0-1"]
[WhiteElo "2193"]
[BlackElo "2180"]
[PlyCount "80"]
[EventDate "2015.10.11"]
[EventType "team-tourn"]
[EventRounds "11"]
[EventCountry "CZE"]
[SourceTitle "CBM 170 Extra"]
[Source "ChessBase"]
[SourceDate "2016.02.25"]
[SourceVersion "1"]
[SourceVersionDate "2016.02.25"]
[SourceQuality "1"]
[WhiteTeam "Kromeriz"]
[BlackTeam "Brno Moravska Slavia"]
[WhiteTeamCountry "CZE"]
[BlackTeamCountry "CZE"]

1. d4 g6 2. Bf4 Bg7 3. e3 d6 4. Nf3 Nd7 5. Bc4 e5 6. Bg5 f6 7. Bh4 Nh6 8. Nc3 Nf5 9. Bg3 c6 10. e4 Nxg3 11. hxg3 Qe7 12. dxe5 dxe5 13. Qd2 Nc5 14. Qe3 b5 15. Be2 Be6 16. Nd2 a5 17. a4 b4 18. Ncb1 0-0 19. Bc4 f5 20. Bxe6+ Nxe6 21. Nb3 Nd4 22. Qd3 fxe4 23. Qxe4 Qf7 24. 0-0 Nxb3 25. cxb3 Qxb3 26. Nd2 Qxb2 27. Nc4 Qd4 28. Qxc6 Rad8 29. Nxa5 Rxf2 30. Rxf2 Qxa1+ 31. Rf1 Qd4+ 32. Kh2 Qg4 33. Nb7 Rb8 34. Qd5+ Kh8 35. Nd6 h6 36. Nf7+ Kh7 37. a5 b3 38. a6 b2 39. a7 b1Q 40. axb8Q Qxb8 0-1

[Event "CZE-chT2E 1415"]
[Site "Czech Republic"]
[Date "2015.03.29"]
[Round "10.5"]
[White "Tikovsky, Alexander"]
[Black "Benes, Miroslav"]
[Result "1-0"]
[WhiteElo "2208"]
[BlackElo "1935"]
[PlyCount "77"]
[EventDate "2014.11.02"]
[EventType "team-tourn"]
[EventRounds "11"]
[EventCountry "CZE"]
[SourceTitle "EXT 2022"]
[Source "ChessBase"]
[SourceDate "2021.10.06"]
[SourceVersion "1"]
[SourceVersionDate "2021.10.06"]
[SourceQuality "1"]
[WhiteTeam "Brno Moravska Slavia"]
[BlackTeam "Zlin II"]
[WhiteTeamCountry "CZE"]
[BlackTeamCountry "CZE"]

1. Nf3 c5 2. g3 Nc6 3. Bg2 g6 4. 0-0 Bg7 5. e4 d6 6. c3 Nf6 7. d4 Bg4 8. Qa4 Bxf3 9. Bxf3 Nd7 10. d5 Nce5 11. Be2 0-0 12. f4 Nb6 13. Qc2 Ned7 14. a4 Rc8 15. Na3 a6 16. Be3 Nf6 17. a5 Nbd7 18. Nc4 Rb8 19. Rfd1 b5 20. axb6 Nxb6 21. Rxa6 Nxc4 22. Bxc4 Ng4 23. Bc1 Ra8 24. Rxa8 Qxa8 25. Qe2 Nf6 26. b4 cxb4 27. cxb4 Qa4 28. e5 Ne4 29. Re1 Nc3 30. Qb2 Nb5 31. Be3 dxe5 32. Ra1 exf4 33. Qxg7+ Kxg7 34. Rxa4 Nd6 35. Bd4+ Kh6 36. Bd3 fxg3 37. hxg3 Rc8 38. Bc5 Kg5 39. Ra7 1-0

[Event "CZE-chT2E 1415"]
[Site "Czech Republic"]
[Date "2015.03.15"]
[Round "9.4"]
[White "Tikovsky, Alexander"]
[Black "Lamser, Miroslav"]
[Result "0-1"]
[WhiteElo "2208"]
[BlackElo "2031"]
[PlyCount "84"]
[EventDate "2014.11.02"]
[EventType "team-tourn"]
[EventRounds "11"]
[EventCountry "CZE"]
[SourceTitle "EXT 2022"]
[Source "ChessBase"]
[SourceDate "2021.10.06"]
[SourceVersion "1"]
[SourceVersionDate "2021.10.06"]
[SourceQuality "1"]
[WhiteTeam "Brno Moravska Slavia"]
[BlackTeam "Brno Vinohrady"]
[WhiteTeamCountry "CZE"]
[BlackTeamCountry "CZE"]

1. d4 Nf6 2. Bf4 c5 3. e3 g6 4. Nf3 Bg7 5. Be2 d6 6. c3 0-0 7. 0-0 b6 8. Nbd2 Bb7 9. h3 Nbd7 10. a4 Ne4 11. a5 Ndf6 12. a6 Bc6 13. Nc4 Qc8 14. Ne1 Nd5 15. Bh2 Bh6 16. Nc2 f5 17. dxc5 bxc5 18. Na5 Ndf6 19. Nxc6 Qxc6 20. Na3 Rab8 21. Nc4 Bg7 22. Qc2 Nd7 23. Bf3 Ndf6 24. Rfd1 Rfd8 25. Ra3 Qb5 26. Be2 Qc6 27. Na5 Qb6 28. Bc4+ Kh8 29. f3 Qxb2 30. Qxb2 Rxb2 31. fxe4 Nxe4 32. Nc6 Rd7 33. Rc1 Bh6 34. Bf4 g5 35. Bh2 e5 36. Bd5 g4 37. Re1 g3 38. Be6 gxh2+ 39. Kxh2 Rg7 40. Rg1 Bxe3 41. Raa1 Bf4+ 42. Kh1 Nf2# 0-1